[Event "Florianopolis op 11th"]
[Site "Florianopolis"]
[Date "2025.01.25"]
[Round "9"]
[White "Silva, Guilherme Henrique"]
[Black "Calcada, Lucas Galvan"]
[Result "1/2-1/2"]
[WhiteElo "2071"]
[BlackElo "1898"]
[PlyCount "90"]
[EventDate "2025.01.18"]
[EventType "swiss"]
[EventRounds "10"]
[EventCountry "BRA"]
[SourceTitle "CB05_2025"]
[SourceDate "2025.01.29"]
[SourceVersion "1"]
[SourceVersionDate "2025.01.29"]
[SourceQuality "1"]

1. e4 e5 2. Bc4 Nf6 3. d3 Nc6 4. Nc3 Na5 5. Nge2 c6 6. 0-0 Bc5 7. Ng3 0-0 8. Qe2 d6 9. h3 Nxc4 10. dxc4 Be6 11. Na4 Nd7 12. Nxc5 Nxc5 13. Be3 Qe7 14. b3 f6 15. Rad1 Rad8 16. Rd2 Rd7 17. Rfd1 Rfd8 18. Kh2 b6 19. Bxc5 dxc5 20. Rxd7 Rxd7 21. Rxd7 Qxd7 22. Qd3 Kf7 23. Nf1 Qd4 24. Ne3 g6 25. g4 Qxd3 26. cxd3 g5 27. Kg3 Kg7 28. f3 h6 29. Nd1 Kf7 30. Nc3 Ke7 31. Kf2 Kd6 32. Ke3 a6 33. Kd2 b5 34. Kc2 b4 35. Na4 a5 36. a3 Bf7 37. Nb2 h5 38. Nd1 h4 39. Kb2 Be6 40. Ne3 Kc7 41. Ka2 Kd6 42. Nd1 Kc7 43. Nb2 Kd6 44. Na4 Bf7 45. axb4 axb4 1/2-1/2

[Event "Florianopolis op 11th"]
[Site "Florianopolis"]
[Date "2025.01.24"]
[Round "8"]
[White "Kikuchi, Alexandre Hideki Lo"]
[Black "Silva, Guilherme Henrique"]
[Result "1/2-1/2"]
[WhiteElo "1761"]
[BlackElo "2071"]
[PlyCount "107"]
[EventDate "2025.01.18"]
[EventType "swiss"]
[EventRounds "10"]
[EventCountry "BRA"]
[SourceTitle "CB05_2025"]
[SourceDate "2025.01.29"]
[SourceVersion "1"]
[SourceVersionDate "2025.01.29"]
[SourceQuality "1"]

1. e4 c5 2. Nf3 d6 3. Bb5+ Nd7 4. 0-0 a6 5. Bd3 Ngf6 6. Re1 e6 7. c3 Be7 8. Bc2 b5 9. a4 Bb7 10. a5 0-0 11. d4 Qc7 12. e5 Bxf3 13. Qxf3 dxe5 14. dxe5 Nxe5 15. Qg3 Bd6 16. Bf4 Nc4 17. Bxd6 Qxd6 18. Qg5 Nxb2 19. Re3 h6 20. Qh4 Nc4 21. Rg3 Qe5 22. Na3 Nxa3 23. f4 Qe2 24. Qxf6 Qe3+ 25. Rxe3 gxf6 26. Rxa3 Rfd8 27. Rd3 Rxd3 28. Bxd3 Rd8 29. Be4 b4 30. Rb3 Rd1+ 31. Kf2 Ra1 32. cxb4 cxb4 33. Rxb4 Rxa5 34. Ke3 Ra1 35. Bc6 Rc1 36. Bb7 a5 37. Ra4 Rc7 38. Be4 Re7 39. Kd4 f5 40. Bf3 f6 41. Kc5 e5 42. Kb6 Rd7 43. fxe5 fxe5 44. Rxa5 e4 45. Bh5 Rd2 46. Rxf5 Rxg2 47. h3 Rg5 48. Rxg5+ hxg5 49. Kc5 Kh8 50. Kd4 Kg8 51. Kxe4 Kh8 52. Kf5 Kg8 53. Kxg5 Kh8 54. h4 1/2-1/2

[Event "Florianopolis op 11th"]
[Site "Florianopolis"]
[Date "2025.01.22"]
[Round "6"]
[White "Labussiere, Victor"]
[Black "Silva, Guilherme Henrique"]
[Result "1-0"]
[WhiteElo "2303"]
[BlackElo "2071"]
[PlyCount "63"]
[EventDate "2025.01.18"]
[EventType "swiss"]
[EventRounds "10"]
[EventCountry "BRA"]
[SourceTitle "CB05_2025"]
[SourceDate "2025.01.29"]
[SourceVersion "1"]
[SourceVersionDate "2025.01.29"]
[SourceQuality "1"]

1. c4 Nf6 2. Nc3 e5 3. Nf3 Nc6 4. e4 d6 5. h3 g6 6. d4 exd4 7. Nxd4 Bg7 8. Be3 0-0 9. g4 Nxd4 10. Bxd4 Re8 11. Bg2 Be6 12. Qd3 Nd7 13. Bxg7 Kxg7 14. b3 h5 15. Qe3 hxg4 16. hxg4 Rh8 17. 0-0-0 Qe7 18. f4 Nb6 19. g5 f6 20. gxf6+ Qxf6 21. e5 dxe5 22. fxe5 Qe7 23. Nd5 Qa3+ 24. Kb1 c6 25. Qg5 Nd7 26. Nf6 Qe7 27. Be4 Nxe5 28. Nh5+ Kf8 29. Qxe5 Rxh5 30. Rxh5 gxh5 31. Qh8+ Bg8 32. Rf1+ 1-0

[Event "Florianopolis op 11th"]
[Site "Florianopolis"]
[Date "2025.01.20"]
[Round "3"]
[White "Silva, Guilherme Henrique"]
[Black "Rodrigues, Edgar"]
[Result "1/2-1/2"]
[WhiteElo "2071"]
[BlackElo "2279"]
[PlyCount "178"]
[EventDate "2025.01.18"]
[EventType "swiss"]
[EventRounds "10"]
[EventCountry "BRA"]
[SourceTitle "CB05_2025"]
[SourceDate "2025.01.29"]
[SourceVersion "1"]
[SourceVersionDate "2025.01.29"]
[SourceQuality "1"]

1. e4 c5 2. Nf3 e6 3. d4 cxd4 4. Nxd4 a6 5. c4 Nf6 6. Nc3 Qc7 7. a3 b6 8. Be3 Bb7 9. f3 Be7 10. Be2 0-0 11. 0-0 d6 12. Qd2 Nbd7 13. Rac1 Rac8 14. Rfd1 Qb8 15. Bf1 Bd8 16. Qf2 Bc7 17. g3 Rfe8 18. b4 Ne5 19. Be2 h5 20. Nb3 Ned7 21. Nd2 Rcd8 22. Nf1 Qa8 23. Na4 Rb8 24. Nxb6 Bxb6 25. Bxb6 d5 26. e5 Nh7 27. Ba5 Ng5 28. Qe3 f6 29. exf6 gxf6 30. h4 Nf7 31. cxd5 exd5 32. Qf2 d4 33. Rxd4 Nde5 34. Nh2 Rbc8 35. Rcd1 Rc2 36. R4d2 Qc8 37. b5 Rxd2 38. Rxd2 Qc1+ 39. Rd1 Qxa3 40. bxa6 Ba8 41. Bb6 Qa4 42. Re1 Qc6 43. Bd1 Kg7 44. Be2 Qc3 45. Bd4 Qa5 46. Ra1 Qd5 47. Bf1 Nc6 48. Bb6 Nfe5 49. Bg2 Nd3 50. Qa2 Qb5 51. Bf2 Ncb4 52. Qa4 Qe5 53. Qd7+ Re7 54. Qd4 Qe6 55. Rd1 Qe2 56. Rb1 Nc2 57. Qb6 Qd2 58. Nf1 Qe2 59. Nh2 Na3 60. Bf1 Qc2 61. Bxd3 Qxd3 62. Re1 Rd7 63. Qc5 Qxa6 64. Re8 Rf7 65. Qd4 Bc6 66. Rb8 Qa5 67. Qb6 Bd7 68. Nf1 Nc4 69. Qc5 Qxc5 70. Bxc5 Bc6 71. Kf2 Ne5 72. Nd2 Nd3+ 73. Kg1 Nxc5 74. Rc8 Nb3 75. Nxb3 Bxf3 76. Nd4 Bg4 77. Rc6 Re7 78. Kf2 Re4 79. Nf3 Ra4 80. Rc3 Kg6 81. Ke3 Ra1 82. Kf4 Rf1 83. Ra3 Rf2 84. Rb3 Be6 85. Rc3 Bd5 86. Rd3 Bc6 87. Rc3 Ba4 88. Ra3 Bd1 89. Rd3 Rf1 1/2-1/2

[Event "Rio de Janeiro Duchamp op 5th"]
[Site "Rio de Janeiro"]
[Date "2024.12.07"]
[Round "8"]
[White "Silva, Guilherme Henrique"]
[Black "Vera Gonzalez Quevedo, Reynaldo"]
[Result "0-1"]
[WhiteElo "2064"]
[BlackElo "2313"]
[PlyCount "77"]
[EventDate "2024.12.02"]
[EventType "swiss"]
[EventRounds "9"]
[EventCountry "BRA"]
[SourceTitle "CB50_2024"]
[SourceDate "2024.11.01"]
[SourceVersion "1"]
[SourceVersionDate "2024.11.01"]
[SourceQuality "2"]

1. e4 c5 2. Nf3 d6 3. d4 cxd4 4. Qxd4 Nc6 5. Bb5 Bd7 6. Bxc6 Bxc6 7. Nc3 h6 8. Be3 e5 9. Qd3 Nf6 10. 0-0-0 Be7 11. h3 0-0 12. g4 b5 13. g5 hxg5 14. Nxg5 b4 15. Nd5 Bxd5 16. exd5 Qa5 17. Kb1 Rab8 18. Rhg1 Rb5 19. Ne4 Nxe4 20. Qxe4 f5 21. Qg2 Rf7 22. h4 f4 23. Bc1 Qa6 24. h5 Ra5 25. a3 bxa3 26. b3 Qc8 27. Qe4 Bf6 28. h6 Qc3 29. Ka2 Rc5 30. Rd2 a5 31. h7+ Kh8 32. Qa4 Rf8 33. Qxa3 e4 34. Kb1 a4 35. b4 Rb8 36. Qxc3 Bxc3 37. Re2 Rxb4+ 38. Ka2 f3 39. Re3 0-1

[Event "Rio de Janeiro Duchamp op 5th"]
[Site "Rio de Janeiro"]
[Date "2024.12.02"]
[Round "2"]
[White "Haddad Filho, Paulo Ibrahim"]
[Black "Silva, Guilherme Henrique"]
[Result "1/2-1/2"]
[WhiteElo "1916"]
[BlackElo "2064"]
[PlyCount "91"]
[EventDate "2024.12.02"]
[EventType "swiss"]
[EventRounds "9"]
[EventCountry "BRA"]
[SourceTitle "CB50_2024"]
[SourceDate "2024.11.01"]
[SourceVersion "1"]
[SourceVersionDate "2024.11.01"]
[SourceQuality "2"]

1. d4 Nf6 2. Nf3 c5 3. d5 e6 4. c4 b5 5. Nc3 b4 6. Nb1 d6 7. g3 exd5 8. Bg2 Bb7 9. Nh4 Nbd7 10. cxd5 Nb6 11. e4 g6 12. b3 Bg7 13. Bb2 0-0 14. 0-0 a5 15. Nd2 a4 16. Rc1 axb3 17. axb3 Ra2 18. Ba1 Re8 19. Re1 Nfd7 20. Bxg7 Kxg7 21. f4 Qa8 22. Ra1 Rxa1 23. Qxa1+ Qxa1 24. Rxa1 Ra8 25. Rxa8 Bxa8 26. Bf1 f5 27. exf5 Bxd5 28. Kf2 Nf6 29. h3 Ne4+ 30. Nxe4 Bxe4 31. fxg6 hxg6 32. Nf3 c4 33. bxc4 b3 34. Nd2 b2 35. Ke3 b1Q 36. Nxb1 Bxb1 37. Kd4 Kf6 38. c5 Nc8 39. g4 dxc5+ 40. Kxc5 Ne7 41. h4 Nf5 42. gxf5 Kxf5 43. Be2 Kxf4 44. Kd4 Bf5 45. h5 g5 46. h6 1/2-1/2

[Event "Rio de Janeiro Duchamp op 5th"]
[Site "Rio de Janeiro"]
[Date "2024.12.02"]
[Round "1"]
[White "Silva, Guilherme Henrique"]
[Black "Lisboa, Erico Fagundes Anic"]
[Result "1-0"]
[WhiteElo "2064"]
[BlackElo "1762"]
[PlyCount "77"]
[EventDate "2024.12.02"]
[EventType "swiss"]
[EventRounds "9"]
[EventCountry "BRA"]
[SourceTitle "CB50_2024"]
[SourceDate "2024.11.01"]
[SourceVersion "1"]
[SourceVersionDate "2024.11.01"]
[SourceQuality "2"]

1. e4 c5 2. Nf3 e6 3. d4 cxd4 4. Nxd4 a6 5. c4 Nf6 6. Nc3 Qc7 7. a3 b6 8. Be3 Bb7 9. f3 Be7 10. Qd2 d6 11. Be2 Nbd7 12. 0-0 0-0 13. Rac1 Rac8 14. Rfd1 Qb8 15. Bf1 Rfe8 16. Qf2 Bd8 17. b4 Bc7 18. g3 Kh8 19. Nb3 Rg8 20. Bg2 g5 21. Qd2 g4 22. f4 Qa8 23. Re1 h5 24. Qf2 Bd8 25. Nd2 Bc7 26. Bd4 e5 27. fxe5 dxe5 28. Be3 Rg7 29. Nd5 Nxd5 30. cxd5 b5 31. Qf5 f6 32. Qxh5+ Rh7 33. Qxg4 Rg8 34. Qf5 Bd6 35. Bc5 Bxc5+ 36. bxc5 Qa7 37. Qf2 Bc8 38. c6 Nb6 39. Qxf6+ 1-0

[Event "Manaus op"]
[Site "Manaus"]
[Date "2024.10.13"]
[Round "4"]
[White "Silva, Guilherme Henrique"]
[Black "Andrade, Joao Vitor L De Sou"]
[Result "1-0"]
[WhiteElo "2085"]
[BlackElo "1746"]
[PlyCount "40"]
[EventDate "2024.10.11"]
[EventType "swiss"]
[EventRounds "9"]
[EventCountry "BRA"]
[SourceTitle "CB43_2024"]
[Source "Chessbase"]
[SourceDate "2024.10.23"]
[SourceVersion "1"]
[SourceVersionDate "2024.10.23"]
[SourceQuality "1"]

1. e4 e6 2. d4 d5 3. Nd2 dxe4 4. Nxe4 Be7 5. Nf3 Nf6 6. Ng3 0-0 7. Bd3 b6 8. Qe2 Bb7 9. Bd2 c5 10. dxc5 Bxc5 11. 0-0-0 Qc7 12. Kb1 Nc6 13. Bc3 Be7 14. a3 a6 15. h4 b5 16. h5 h6 17. Bxf6 Bxf6 18. Qe4 Rfc8 19. Qh7+ Kf8 20. Rhe1 Ne7 1-0

[Event "Manaus op"]
[Site "Manaus"]
[Date "2024.10.12"]
[Round "2"]
[White "Silva, Guilherme Henrique"]
[Black "Barbosa Filho, Lucio de Sa"]
[Result "1-0"]
[WhiteElo "2085"]
[BlackElo "1922"]
[PlyCount "37"]
[EventDate "2024.10.11"]
[EventType "swiss"]
[EventRounds "9"]
[EventCountry "BRA"]
[SourceTitle "CB43_2024"]
[Source "Chessbase"]
[SourceDate "2024.10.23"]
[SourceVersion "1"]
[SourceVersionDate "2024.10.23"]
[SourceQuality "1"]

1. e4 e5 2. Bc4 Nf6 3. d3 Bc5 4. Nc3 h6 5. f4 d6 6. Nf3 Nc6 7. Na4 Bb6 8. Nxb6 axb6 9. 0-0 Bg4 10. h3 Bxf3 11. Qxf3 Nd4 12. Qf2 Qe7 13. c3 Nc6 14. Bb3 0-0-0 15. a4 exf4 16. Bxf4 d5 17. e5 Nd7 18. d4 Qe6 19. Qf3 1-0

[Event "Florianopolis op 9th"]
[Site "Florianopolis"]
[Date "2023.01.23"]
[Round "1"]
[White "Silva, Guilherme Henrique"]
[Black "De Sousa, Elizeu Santiago Tav"]
[Result "1-0"]
[WhiteElo "2034"]
[BlackElo "1401"]
[PlyCount "109"]
[EventDate "2023.01.23"]
[EventType "swiss"]
[EventRounds "10"]
[EventCountry "BRA"]
[SourceTitle "CBM 212 Extra"]
[Source "ChessBase"]
[SourceDate "2023.03.31"]
[SourceVersion "1"]
[SourceVersionDate "2023.03.31"]
[SourceQuality "1"]

1. Nf3 f5 2. b3 d6 3. d4 e6 4. Bb2 Nf6 5. e3 Be7 6. Be2 0-0 7. 0-0 Ne4 8. Nfd2 d5 9. f3 Nf6 10. f4 Nbd7 11. Nf3 Ne4 12. c4 c5 13. cxd5 exd5 14. Nc3 Ndf6 15. Nxe4 Nxe4 16. dxc5 Bxc5 17. Bd4 Be7 18. Bd3 Be6 19. Qc2 a6 20. Qb2 Bf6 21. Rac1 Rc8 22. Rxc8 Qxc8 23. Rc1 Qd8 24. Bxf6 Nxf6 25. Qd4 Qb8 26. Qb6 Bd7 27. Rc7 Bc6 28. Ne5 Rc8 29. Rxc8+ Qxc8 30. Nxc6 Qxc6 31. Qxc6 bxc6 32. Bxa6 Kf7 33. Bb7 c5 34. a4 Ke7 35. a5 Kd7 36. a6 Kc7 37. Kf2 c4 38. bxc4 dxc4 39. Ke2 Ne8 40. Bd5 Kb6 41. Bxc4 Nd6 42. Bd3 Ne4 43. Bxe4 fxe4 44. Kd2 Kxa6 45. Kc3 Kb6 46. Kd4 Kc6 47. Kxe4 Kd6 48. Kf5 Ke7 49. Ke5 Kf7 50. g4 Ke7 51. g5 Kf7 52. f5 Ke7 53. e4 Kf7 54. Kd6 g6 55. f6 1-0

[Event "Timbo op 2nd"]
[Site "Timbo"]
[Date "2022.02.18"]
[Round "3"]
[White "Silva, Guilherme Henrique"]
[Black "Piccoli, Lucas Fonseca"]
[Result "0-1"]
[WhiteElo "1934"]
[BlackElo "2097"]
[PlyCount "88"]
[EventDate "2022.02.17"]
[EventType "swiss"]
[EventRounds "7"]
[EventCountry "BRA"]
[SourceTitle "EXT 2023"]
[Source "ChessBase"]
[SourceDate "2022.10.05"]
[SourceVersion "1"]
[SourceVersionDate "2022.10.05"]
[SourceQuality "1"]

1. e4 c5 2. Nf3 Nc6 3. Bb5 Qb6 4. Nc3 e6 5. Bxc6 Qxc6 6. d4 cxd4 7. Nxd4 Qc7 8. 0-0 a6 9. a4 b5 10. Be3 Bb7 11. Qd3 Nf6 12. f3 Be7 13. Rfe1 0-0 14. Rad1 d6 15. Nb3 Rac8 16. Qe2 Nd7 17. Qf2 Nc5 18. Qg3 Kh8 19. Rd2 Bc6 20. Nxc5 dxc5 21. Bf4 e5 22. Be3 Qb7 23. Rb1 f5 24. Bg5 Bxg5 25. Qxg5 fxe4 26. fxe4 Rf6 27. Qe3 Rcf8 28. h3 Qf7 29. Qe2 Qg6 30. Re1 Qg5 31. Qd1 Bd7 32. Kh1 Rf2 33. Rxf2 Rxf2 34. Rg1 Bxh3 35. gxh3 Qf4 36. Rg2 Rf1+ 37. Qxf1 Qxf1+ 38. Kh2 Qf4+ 39. Kh1 Qc1+ 40. Kh2 Qxb2 41. Rf2 h6 42. Nd5 Qd4 43. Rf8+ Kh7 44. Rf7 Kg6 0-1

[Event "Florianopolis op 8th"]
[Site "Florianopolis"]
[Date "2022.01.25"]
[Round "2"]
[White "Languidey, Simon Alejandro"]
[Black "Silva, Guilherme Henrique"]
[Result "1-0"]
[WhiteElo "2403"]
[BlackElo "1934"]
[PlyCount "49"]
[EventDate "2022.01.24"]
[EventType "swiss"]
[EventRounds "10"]
[EventCountry "BRA"]
[SourceTitle "CBM 206 Extra"]
[Source "ChessBase"]
[SourceDate "2022.03.31"]
[SourceVersion "1"]
[SourceVersionDate "2022.03.31"]
[SourceQuality "1"]

1. e4 c5 2. Nf3 d6 3. Bb5+ Nd7 4. 0-0 a6 5. Bd3 Ngf6 6. c3 e6 7. Bc2 Be7 8. d4 cxd4 9. cxd4 b5 10. Nc3 Bb7 11. a3 0-0 12. Qe2 Qc7 13. Bg5 Rac8 14. Rac1 Qb8 15. Nd2 e5 16. Nf3 Rfe8 17. dxe5 dxe5 18. Bb1 Bc5 19. Rfd1 Rc7 20. h3 Qc8 21. Nh4 Bxa3 22. bxa3 Rxc3 23. Nf5 Re6 24. Ba2 Nxe4 25. Bxe6 1-0

[Event "BRA-ch 87th"]
[Site "Cuiaba"]
[Date "2021.10.30"]
[Round "4"]
[White "Mendes Domingues, Ribeiro Matheus"]
[Black "Silva, Guilherme Henrique"]
[Result "1-0"]
[WhiteElo "2177"]
[BlackElo "1943"]
[PlyCount "83"]
[EventDate "2021.10.28"]
[EventType "swiss"]
[EventRounds "11"]
[EventCountry "BRA"]
[SourceTitle "CBM 205 Extra"]
[Source "ChessBase"]
[SourceDate "2022.01.31"]
[SourceVersion "1"]
[SourceVersionDate "2022.01.31"]
[SourceQuality "1"]

1. c4 e5 2. Nc3 f5 3. Nf3 d6 4. g3 Nf6 5. Bg2 Be7 6. 0-0 Nc6 7. d3 0-0 8. Rb1 a5 9. a3 Qe8 10. b4 axb4 11. axb4 h6 12. b5 Nd8 13. b6 c5 14. Nb5 Ne6 15. e3 g5 16. d4 cxd4 17. exd4 e4 18. Nd2 Bd7 19. d5 Bxb5 20. Rxb5 Nc5 21. Nb3 Nxb3 22. Qxb3 Kh7 23. f3 exf3 24. Qxf3 Nd7 25. Bb2 Bd8 26. Bd4 Ne5 27. Qe2 Bf6 28. Kh1 Ng4 29. Qxe8 Raxe8 30. Bg1 Kg6 31. c5 dxc5 32. Rxc5 Be5 33. Rc7 Rb8 34. Bc5 Rfd8 35. Re1 Re8 36. h3 Bxc7 37. Rxe8 Nf6 38. Re6 Bd8 39. d6 Kf7 40. Re1 Nd7 41. Bd5+ Kf8 42. Bb4 1-0

[Event "BRA-ch 87th"]
[Site "Cuiaba"]
[Date "2021.10.29"]
[Round "3"]
[White "Silva, Guilherme Henrique"]
[Black "Franco Filho, Sinvaldo Barreiros"]
[Result "1-0"]
[WhiteElo "1943"]
[BlackElo "1702"]
[PlyCount "51"]
[EventDate "2021.10.28"]
[EventType "swiss"]
[EventRounds "11"]
[EventCountry "BRA"]
[SourceTitle "CBM 205 Extra"]
[Source "ChessBase"]
[SourceDate "2022.01.31"]
[SourceVersion "1"]
[SourceVersionDate "2022.01.31"]
[SourceQuality "1"]

1. e4 e6 2. d4 d5 3. e5 c5 4. c3 Nc6 5. Nf3 Qb6 6. a3 a5 7. a4 cxd4 8. cxd4 Bb4+ 9. Nc3 f6 10. Bb5 Bd7 11. 0-0 fxe5 12. Nxe5 Nxe5 13. dxe5 Bc6 14. Qg4 Bxb5 15. Nxb5 0-0-0 16. Be3 Qa6 17. Rac1+ Kb8 18. Ba7+ Qxa7 19. Nxa7 Kxa7 20. Qxe6 Ne7 21. Rc7 Ng6 22. Rfc1 d4 23. Rxb7+ Kxb7 24. Qc6+ Kb8 25. Qb6+ Ka8 26. Rc7 1-0

[Event "BRA-ch 87th"]
[Site "Cuiaba"]
[Date "2021.10.28"]
[Round "1"]
[White "Silva, Guilherme Henrique"]
[Black "Cymbalista, Eduardo Cymrot"]
[Result "1-0"]
[WhiteElo "1943"]
[BlackElo "1735"]
[PlyCount "87"]
[EventDate "2021.10.28"]
[EventType "swiss"]
[EventRounds "11"]
[EventCountry "BRA"]
[SourceTitle "CBM 205 Extra"]
[Source "ChessBase"]
[SourceDate "2022.01.31"]
[SourceVersion "1"]
[SourceVersionDate "2022.01.31"]
[SourceQuality "1"]

1. e4 e5 2. Nf3 Nc6 3. Bc4 Bc5 4. c3 Nf6 5. d3 0-0 6. 0-0 a6 7. Bb3 d6 8. Re1 Ne7 9. Nbd2 Ng6 10. Nf1 Be6 11. Bc2 c6 12. h3 b5 13. Ng3 Ba7 14. d4 exd4 15. Nxd4 Qb6 16. Be3 c5 17. Nxe6 fxe6 18. Nh5 Qc6 19. Nxf6+ Rxf6 20. Qd2 Ne5 21. b3 Rg6 22. Kh1 c4 23. Rad1 Bxe3 24. Rxe3 Rd8 25. f4 Nf7 26. Rf3 Rf6 27. Qe3 e5 28. f5 d5 29. Kh2 dxe4 30. Rxd8+ Nxd8 31. Bxe4 Qb6 32. Bd5+ Kf8 33. Qxe5 cxb3 34. axb3 Qd6 35. Re3 Qxe5+ 36. Rxe5 Nf7 37. Bxf7 Kxf7 38. Rc5 Rd6 39. g4 Rd3 40. b4 Rd6 41. Kg3 Kf8 42. Kf4 g5+ 43. Ke4 h6 44. Rc7 1-0